00502nam a2200193 a 4500001001300000003000900013005001700022008004100039020000800080082001400088100000700102245005800109260003500167300000900202500003500211505003100246650002400277700000700301nice12345678IN_TiNIC20260116011437.0050524s1969 boma grp 000 0 eng  ac500a225bGOO1 a,  aGood News for the Worldb Life and Teaching of Jesus. aBombaybSoon Publicationc1969 a830p aincludes index and biblioraphy2 aNotes, Bibliography, Index aBible-New Testament1 a,